| 000 | 00849cam a2200277 a 4500 | ||
|---|---|---|---|
| 001 | 212021 | ||
| 005 | 20180814064739.0 | ||
| 008 | 990114s1998 mnuab b 001 0 eng d | ||
| 010 | _a 99164241 | ||
| 020 | _a088489486X (alk. paper) | ||
| 035 | _a(DLC) 99164241 | ||
| 035 | _a(OCoLC)40617152 | ||
| 035 | _a3824-24060 | ||
| 040 |
_aOCo _cOCo _dDLC |
||
| 041 | _aeng | ||
| 042 | _alccopycat | ||
| 080 | _a94 | ||
| 082 | _a94 | ||
| 100 | 1 | _a16 | |
| 101 | _aHIS | ||
| 245 | 1 | 0 |
_aWorld religions : _cJeffrey Brodd ; with an introduction by Gregory Sobolewski. |
| 504 | _aIncludes bibliographical references and index. | ||
| 906 |
_a7 _bcbc _ccopycat _d3 _encip _f19 _gy-gencatlg |
||
| 942 |
_2ddc _cBK |
||
| 999 |
_c47113 _d47113 |
||